| 000 | 01107nam a2200253 i 4500 | ||
|---|---|---|---|
| 001 | 152186 | ||
| 003 | ES-MaACL | ||
| 005 | 20251122151500.0 | ||
| 008 | 931025s1878 sp f |||| | spa d | ||
| 080 | _a946.022 | ||
| 100 | 1 |
_aBlancas, Jerónimo de. _9126005 |
|
| 245 | 1 | 0 |
_aComentarios de las cosas de Aragón / _cobra escrita en latin por Jerórimo de Blancas cronista del reino ; y traducida al castellano por el P. Manuel Hernandez de las Escuelas Pias. |
| 260 |
_aZaragoza : _bDiputación Provincial, _c1878 ( _fImp. del Hospicio) |
||
| 300 |
_aXII, 539 p. : _bil. ; _c31 cm. |
||
| 490 | 1 |
_aBiblioteca de escritores aragoneses. Sección histórico-doctrinal ; _v3 |
|
| 596 | _aConsta en port.: impresa y publicada por la Diputación Provincial de Zaragoza. | ||
| 599 | _aLas il. son esc. xil. | ||
| 651 | 4 |
_aAragón (Reino)- _xHistoria. _97791 |
|
| 700 | 1 |
_aHernández, Manuel, _c(Sch. P.) _9144157 |
|
| 830 | 0 |
_aBiblioteca de escritores aragoneses. Sección histórico-doctrinal ; _v3 _9187696 |
|
| 852 |
_aES-MaACL _jL-6987 _z-- Enc. hol. |
||
| 999 |
_c152186 _d152186 |
||